| 000 | 00642nam a2200193 i 4500 | ||
|---|---|---|---|
| 001 | 125583 | ||
| 003 | ES-MaACL | ||
| 005 | 20250830094923.0 | ||
| 007 | t| | ||
| 008 | 070619q1972 sp ||||1| spa d | ||
| 100 | 1 |
_aZiel, Adert van der. _9118242 |
|
| 245 | 1 | 0 |
_aElectrónica física del estado sólido... / _cAldert van der Ziel ; traducción y adaptación Juan L. Hernández Sánchez. |
| 260 |
_aMadrid : _bPrentice Hall, _c[1972] |
||
| 300 |
_a664 p. ; _c24 cm. |
||
| 650 | 1 | 7 |
_aElectrónica del estado sólido _2embne _912166 |
| 700 | 1 |
_aHernández Sánchez, Juan L. _963051 |
|
| 852 |
_aES-MaACL _jE-7639 |
||
| 999 |
_c125583 _d125583 |
||